| 000 | 01210aam a2200421 4500 | ||
|---|---|---|---|
| 005 | 20170208103611.0 | ||
| 008 | 150513b xxu||||| |||| 00| 0 spa d | ||
| 041 | _aspa | ||
| 082 | _a621.381 C853s | ||
| 100 |
_aCouch, Leon _938323 |
||
| 245 | _aSistemas de comunicación digitales y analógicos | ||
| 260 | _aMéxico | ||
| 260 | _bPrentice-Hall | ||
| 260 | _c1998 | ||
| 300 | _a776 páginas | ||
| 650 |
_aELECTRÓNICA _91815 |
||
| 650 |
_aSISTEMAS DE COMUNICACIÓN _99618 |
||
| 650 |
_aSENALES DIGITALES _920746 |
||
| 650 |
_aRUIDOS _938324 |
||
| 650 |
_aFOURIER _933629 |
||
| 650 |
_aSISTEMAS LINEALES _923378 |
||
| 650 |
_aPULSO DE BANDABASE _938325 |
||
| 650 |
_aINTERFERENCIA _938326 |
||
| 650 |
_aINTERSÍMBOLOS _938327 |
||
| 650 |
_aMODULACIÓN DELTA _938328 |
||
| 650 |
_aCIRCUITOS _91827 |
||
| 650 |
_aSENALIZACIÓN PASABANDA _938329 |
||
| 650 |
_aSISTEMAS MODULADOS _938330 |
||
| 650 |
_aANÁLISIS ESPECTRAL _938331 |
||
| 650 |
_aPROCESOS ALEATORIOS _938332 |
||
| 650 |
_aTÉCNICAS MATEMÁTICAS _938333 |
||
| 650 |
_aTABLAS _9909 |
||
| 650 |
_aPROBABILIDAD _9871 |
||
| 650 |
_aVARIABLES _9773 |
||
| 650 |
_aPROTOCOLOS DE CONTROL _938334 |
||
| 650 |
_aOSI _99617 |
||
| 942 | _cBK | ||
| 999 |
_c5428 _d5428 |
||